000
00339nam a2200157Ia 4500
008
210210b1944 xxu||||| |||| 00| 0 eng d
041
_a
eng
082
_a
920/98
100
_a
VOIGT (F A)
245
_a
Polish question
260
_a
Bombay
_b
-
_c
1944
650
_a
question
650
_a
Polish
690
_a
History
906
_a
024840
999
_c
150460
_d
150460